000 00666nam a2200217 a 4500
001 63020
003 BD-RjUL
005 20211209081142.0
008 170128r19651957enka j 000 1 eng d
035 _a(BD-RjUL)63148
040 _aISM
_cISM
_dUKM
_dBD-RjUL
_beng
082 _a823.3
_223
_bCHT 1965
100 1 _aChauncy, Nan,
_d1900-1970.
_9187476
245 1 0 _aTiger in the bush /
_cNan Chauncy ; illustrated by Margaret Horder
260 _aOxford University Press :
_bLondon,
_c1957 [reprinted 1965]
300 _a171 p. :
_bill. ;
_c19 cm
650 _aThylacine
_9187477
650 _aTasmania
_9187478
650 _aChildren's stories
_9187479
942 _2ddc
_cBK
999 _c63020
_d63020